| 000 | 00683nam a2200193 a 4500 | ||
|---|---|---|---|
| 001 | 000945107 | ||
| 003 | AM-YeHGA | ||
| 005 | 20250617145833.0 | ||
| 008 | 130208s1977 ru r 000 0 rus d | ||
| 040 | _aAM-YeHGA | ||
| 041 | 0 | _arus | |
| 100 | 1 | _aКлиманов, Виктор Петрович | |
| 245 | 1 | 0 |
_aОрганизация скотобойных пунктов потребительской кооперации / _cВ.П. Климанов. |
| 260 |
_aМ. : _bЭкономика, _c1977. |
||
| 300 |
_a96 с. : _bтабл. ; _c20 см. |
||
| 650 | 1 | 4 | _aПродукты животноводства |
| 653 | 0 | _aСкотобойные пункты | |
| 090 | _c321119 | ||
| 999 |
_c319384 _d319384 |
||